000 01176nam0a22002411 4500
001 rc\902070
005 20260406161022.0
035 _a(NLR Aleph) 006077554
090 _a5062282
_c5062282
100 _a20041129d1983 |||y0rusy50 ca
101 0 _arus
102 _aRU
105 _ay |||||||||
200 1 _aРанняя диагностика расстройства кровообращения при пороках сердца на основе комплексного биохимического исследования больных
_e(Метод. рекомендации)
_fМ-во здравоохранения АрмССР. Ерев. фил. Всесоюз. науч. центра хирургии АМН СССР
_g[Сост. к. м. н. Мурадян А.Р. и Оганесян Ж.О.]
210 _aЕреван
_cБ. и.
_d1983
215 _a12 с.
_d20
702 1 _aМурадян
_bА.Р.
_4220
712 0 2 _aВсесоюзный науч. центр хирургии
_bЕреванский филиал
_3RU\NLR\AUTH\889932379
_9360058
801 0 _aRU
_bNLR
_gpsbo
801 1 _aRU
_bELAR
_2rusmarc
852 _aNLR
_j85-4/18632
942 _cBOOK
980 _aNB